| 000 | 00532nam a2200121Ia 4500 | ||
|---|---|---|---|
| 008 | 220620s9999||||xx |||||||||||||| ||und|| | ||
| 245 | 0 |
_aDiversity and Inclusion in Global Higher Education _bLessons from Across Asia |
|
| 546 | _aEnglish[eng] | ||
| 650 | _aEducation||International education ||Comparative education||Educational sociology ||Education and sociology||Teaching | ||
| 700 | _aSanger, Catherine Shea||Gleason, Nancy W. | ||
| 856 | _uhttps://library.oapen.org/bitstream/20.500.12657/23168/1/1006985.pdf | ||
| 942 | _cEB | ||
| 999 |
_c26280 _d26280 |
||